[Event "KONIK MORSKI REWALA 2013-B"]
[Site "Rewal"]
[Date "2013.08.27"]
[Round "7.1"]
[White "Zarubitski, Viachaslau"]
[Black "Zurkowski, Andrzej"]
[Result "0-1"]
[WhiteElo "1874"]
[BlackElo "2003"]
[PlyCount "112"]
[EventDate "2013.??.??"]

1. e4 c6 2. d4 d5 3. e5 c5 4. dxc5 e6 5. a3 Bxc5 6. b4 Bb6 7. Nf3 Nd7 8. Bb2
Ne7 9. Bd3 Ng6 10. g3 Bc7 11. Qe2 b6 12. Bb5 Bb7 13. Nd4 Bxe5 14. Nxe6 fxe6 15.
Bxe5 O-O 16. Bd6 Re8 17. O-O e5 18. c4 a6 19. Bxd7 Qxd7 20. c5 d4 21. Nd2 Qf5
22. f3 b5 23. Rac1 Bc6 24. Ne4 Re6 25. Rf2 Nh8 26. Qd2 Nf7 27. Rcf1 Rae8 28.
Qe2 Qg6 29. Bc7 Bxe4 30. fxe4 Ng5 31. Rf5 h6 32. Kh1 Nh7 33. Qf3 Nf6 34. h3 Qf7
35. Bd6 Qb7 36. Re1 Qa8 37. g4 Qb7 38. h4 Qf7 39. Kg2 g6 40. g5 gxf5 41. exf5
Rxd6 42. cxd6 Nd7 43. Kh3 Rc8 44. Qg4 h5 45. Qe4 Qb3+ 46. Kh2 Qc2+ 47. Kg1 Qxe4
48. Rxe4 d3 49. Kf2 Rc4 50. Rxc4 bxc4 51. Ke3 Kf7 52. a4 e4 53. Kd2 Ne5 54. g6+
Kf6 55. b5 axb5 56. axb5 Nd7 0-1

[Event "KONIK MORSKI REWALA 2013-B"]
[Site "Rewal"]
[Date "2013.08.27"]
[Round "7.2"]
[White "Suliborski, Jakub"]
[Black "Ancuta, Adam"]
[Result "1-0"]
[WhiteElo "2002"]
[BlackElo "1976"]
[PlyCount "87"]
[EventDate "2013.??.??"]

1. d4 e6 2. e4 d5 3. Nc3 Bb4 4. a3 Ba5 5. e5 c5 6. b4 cxb4 7. Nb5 b3+ 8. c3 Bc7
9. Qxb3 a6 10. Nxc7+ Qxc7 11. a4 Nc6 12. Ba3 Nge7 13. Bd3 Na5 14. Qb4 Nc4 15.
Bxc4 dxc4 16. Ne2 Nd5 17. Qb2 Bd7 18. Bd6 Qc8 19. a5 Nc7 20. O-O Nb5 21. Bc5
Bc6 22. Nf4 Qd8 23. Nh3 h5 24. f4 Rh6 25. Ng5 Qd5 26. Rac1 Rg6 27. Rf2 h4 28.
h3 Kd7 29. Qe2 Rh8 30. Nxf7 Rh7 31. Ng5 Rhh6 32. Qg4 Ke8 33. f5 exf5 34. Rxf5
Qxg2+ 35. Qxg2 Bxg2 36. Kxg2 Rh5 37. Rf8+ Kd7 38. e6+ Kc6 39. Rc8+ Nc7 40. Be7
Rgxg5+ 41. Bxg5 Rxg5+ 42. Kf3 Rf5+ 43. Kg4 Rf6 44. Re1 1-0

[Event "KONIK MORSKI REWALA 2013-B"]
[Site "Rewal"]
[Date "2013.08.27"]
[Round "7.3"]
[White "Grabowski, Adam"]
[Black "Kostanski, Marcin"]
[Result "0-1"]
[WhiteElo "2086"]
[BlackElo "1930"]
[PlyCount "106"]
[EventDate "2013.??.??"]

1. d4 Nf6 2. c4 g6 3. Nc3 d5 4. cxd5 Nxd5 5. e4 Nxc3 6. bxc3 c5 7. Nf3 Bg7 8.
Be3 O-O 9. Bc4 Nc6 10. h3 Na5 11. Be2 Be6 12. O-O Bc4 13. e5 cxd4 14. cxd4 Bxe2
15. Qxe2 Qd5 16. Rab1 a6 17. Bd2 Nc4 18. Bb4 Rfe8 19. Rfc1 b5 20. a4 e6 21. Bc5
Rab8 22. axb5 axb5 23. Rb4 Rec8 24. Rcb1 Nxe5 25. Nxe5 Bxe5 26. Ba7 Bd6 27.
Bxb8 Bxb4 28. Be5 Qc4 29. Qf3 Be7 30. Ra1 f6 31. Bxf6 Rf8 32. Ra8 Bxf6 33.
Rxf8+ Kxf8 34. Qxf6+ Ke8 35. Qh8+ Kd7 36. Qxh7+ Kd6 37. Qxg6 b4 38. Qg3+ Kc6
39. Qf3+ Kb6 40. Qe3 Kb5 41. d5 exd5 42. Qe8+ Kc5 43. Qe7+ Kb5 44. Qe8+ Qc6 45.
Qe2+ Ka5 46. Qa2+ Kb6 47. Qb3 Qc4 48. Qe3+ d4 49. Qe7 b3 50. Qd6+ Kb5 51. Qd7+
Kb4 52. Qe7+ Kc3 53. Qe1+ Kc2 0-1

[Event "KONIK MORSKI REWALA 2013-B"]
[Site "Rewal"]
[Date "2013.08.27"]
[Round "7.4"]
[White "Kosakowski, Jakub"]
[Black "Koziej, Maciej"]
[Result "1/2-1/2"]
[WhiteElo "1846"]
[BlackElo "2063"]
[PlyCount "107"]
[EventDate "2013.??.??"]

1. e4 c5 2. Nf3 e6 3. d4 cxd4 4. Nxd4 a6 5. Bd3 Nf6 6. O-O Qc7 7. Qe2 d6 8. c4
g6 9. Nc3 Bg7 10. Be3 O-O 11. f3 b6 12. Rac1 Bb7 13. Rfd1 Nbd7 14. b3 Ne5 15.
Bb1 Rac8 16. Qf2 Nfd7 17. Nde2 f5 18. exf5 gxf5 19. Nf4 Rf6 20. Nce2 Kh8 21.
Nh5 Rg6 22. Nef4 Nxf3+ 23. Kh1 Nde5 24. Nxg6+ hxg6 25. Nf4 Ng4 26. Qe2 Nfxh2
27. Nxe6 Qc6 28. Nd4 Qd7 29. Bg1 Re8 30. Qd3 Be5 31. Nf3 Qh7 32. Ng5 Qh4 33.
Qh3 Nf3 34. Qxh4+ Nxh4 35. Rc2 Bf6 36. Nh3 Nxg2 37. Rxg2 Re2 38. Nf4 Bxg2+ 39.
Nxg2 b5 40. cxb5 axb5 41. a4 Rb2 42. Nf4 bxa4 43. bxa4 Rb4 44. Rxd6 Kg7 45. Nd5
Rxb1 46. Nxf6 Nxf6 47. a5 Ne4 48. Rd7+ Kf6 49. a6 Nc5 50. a7 Ra1 51. a8=Q Rxa8
52. Bxc5 Ra2 53. Kg1 f4 54. Ra7 1/2-1/2

[Event "KONIK MORSKI REWALA 2013-B"]
[Site "Rewal"]
[Date "2013.08.27"]
[Round "7.5"]
[White "Poswiatowski, Michal"]
[Black "Jablonska, Sabina"]
[Result "1/2-1/2"]
[WhiteElo "2085"]
[BlackElo "1957"]
[PlyCount "77"]
[EventDate "2013.??.??"]

1. e4 d5 2. exd5 Qxd5 3. Nc3 Qd6 4. d4 Nf6 5. Bc4 a6 6. Nf3 Nbd7 7. O-O b5 8.
Bb3 e6 9. a4 b4 10. Ne2 c5 11. Bf4 Qc6 12. a5 Bd6 13. Qd2 O-O 14. Ba4 Qc7 15.
dxc5 Bxf4 16. Nxf4 Qxc5 17. Nd3 Qc7 18. Nxb4 Bb7 19. Nd4 Ng4 20. f4 Nc5 21. Bc6
Rfd8 22. Bxb7 Nxb7 23. c3 Nxa5 24. Qe2 Nf6 25. Qe5 Qxe5 26. fxe5 Nd5 27. Rxa5
Nxb4 28. cxb4 Rxd4 29. b5 Rb4 30. bxa6 Rxb2 31. Rc1 Kf8 32. Rc7 Ke8 33. Rb7 Rd2
34. a7 Rd7 35. Rb8+ Rd8 36. Rb7 Rd7 37. Rb8+ Rd8 38. Rb7 Rd7 39. Rb8+ 1/2-1/2

[Event "KONIK MORSKI REWALA 2013-B"]
[Site "Rewal"]
[Date "2013.08.27"]
[Round "7.6"]
[White "Skomial, Mateusz"]
[Black "Smieszek, Wojciech"]
[Result "1-0"]
[WhiteElo "2014"]
[BlackElo "1887"]
[PlyCount "103"]
[EventDate "2013.??.??"]

1. e4 c5 2. Nf3 Nc6 3. c4 g6 4. Nc3 Bg7 5. Be2 Nf6 6. O-O O-O 7. d3 d6 8. h3 a6
9. Be3 e5 10. Ne1 Rb8 11. Qd2 b5 12. b3 bxc4 13. dxc4 Nd4 14. Bd3 Nh5 15. Be2
Nf4 16. Bxf4 exf4 17. Rc1 Qa5 18. Nf3 Re8 19. Rfe1 Be5 20. Nxd4 cxd4 21. Nb1
Qd8 22. Qd3 f5 23. Bf3 Rb7 24. Nd2 Rbe7 25. a3 a5 26. Re2 Kh8 27. Rce1 Rg7 28.
exf5 gxf5 29. c5 Qh4 30. Kh1 Reg8 31. c6 Rg6 32. Nc4 Rh6 33. Bd5 Be6 34. Bxe6
Rxe6 35. Nxe5 dxe5 36. c7 Qg5 37. f3 Rc6 38. Qb5 Re6 39. Rc1 d3 40. Qxd3 Ree8
41. Rc3 Qf6 42. Qd7 Rc8 43. Rc6 Qg5 44. Rc5 e4 45. Rxf5 Qg6 46. Qd4+ Rg7 47.
Rd5 Rcg8 48. Rd8 Qe6 49. Rxg8+ Qxg8 50. Rxe4 h6 51. Re7 Kh7 52. Qxg7+ 1-0

[Event "KONIK MORSKI REWALA 2013-B"]
[Site "Rewal"]
[Date "2013.08.27"]
[Round "7.7"]
[White "Lopuszanski, Kamil"]
[Black "Jedras, Piotr"]
[Result "1/2-1/2"]
[WhiteElo "1879"]
[BlackElo "2008"]
[PlyCount "188"]
[EventDate "2013.??.??"]

1. d4 Nf6 2. c4 c5 3. d5 b5 4. cxb5 a6 5. bxa6 Bxa6 6. Nf3 d6 7. Nc3 Nbd7 8. g3
g6 9. Bg2 Nb6 10. O-O Bg7 11. Rb1 O-O 12. b3 Nfd7 13. Bb2 Qc7 14. Re1 Rfb8 15.
a4 Nc4 16. Ba1 Na5 17. Qc2 Ra7 18. e4 Rab7 19. Bf1 Bxf1 20. Rxf1 Nxb3 21. Nb5
Nxa1 22. Rxa1 Rxb5 23. axb5 Bxa1 24. Rxa1 Rxb5 25. h4 Nf6 26. Re1 h5 27. e5
dxe5 28. Nxe5 Qd6 29. Nc6 Nxd5 30. Ne5 Nc7 31. Qe4 Rb4 32. Qf3 Qd5 33. Qxd5
Nxd5 34. Rc1 Re4 35. Nf3 c4 36. Nd2 Re2 37. Nxc4 Nb4 38. Ne3 Kg7 39. Kf1 Rxf2+
40. Kg1 Rf3 41. Nf1 e5 42. Kg2 Rf2+ 43. Kg1 Rc2 44. Re1 Rc5 45. Rd1 Nc6 46. Ne3
Nd4 47. Kf2 Rc3 48. Rd2 f5 49. Ra2 f4 50. gxf4 exf4 51. Nd5 Rf3+ 52. Kg2 Rg3+
53. Kf2 Rg4 54. Ra4 Nf5 55. Ra7+ Kh6 56. Nf6 Rxh4 57. Rh7+ Kg5 58. Ne4+ Kg4 59.
Nf6+ Kh3 60. Rd7 Ne3 61. Kg1 Kg3 62. Rg7 f3 63. Rxg6+ Ng4 64. Ne4+ Kf4 65. Nf2
Ne5 66. Rf6+ Kg5 67. Rf8 Rd4 68. Rg8+ Kf4 69. Rh8 Kg5 70. Rg8+ Ng6 71. Nh3+ Kf5
72. Kf2 Ne5 73. Rg5+ Ke4 74. Rxh5 Rd2+ 75. Ke1 Re2+ 76. Kf1 Nd3 77. Ng5+ Ke3
78. Nxf3 Rf2+ 79. Kg1 Rxf3 80. Rh8 Nc5 81. Ra8 Rf4 82. Ra3+ Nd3 83. Kg2 Rg4+
84. Kh3 Rg8 85. Kh4 Kf4 86. Ra4+ Kf5 87. Ra5+ Ne5 88. Rb5 Rg4+ 89. Kh3 Re4 90.
Kg3 Ra4 91. Rb8 Ke4 92. Re8 Kd3 93. Rxe5 Re4 94. Rxe4 Kxe4 1/2-1/2

[Event "KONIK MORSKI REWALA 2013-B"]
[Site "Rewal"]
[Date "2013.08.27"]
[Round "7.8"]
[White "Ziaja, Krystian"]
[Black "Parol, Pawel"]
[Result "1/2-1/2"]
[WhiteElo "1885"]
[BlackElo "1988"]
[PlyCount "73"]
[EventDate "2013.??.??"]

1. e4 e6 2. d4 d5 3. e5 c5 4. c3 Qb6 5. Nf3 Nc6 6. Bd3 cxd4 7. cxd4 Bd7 8. Bc2
Nb4 9. Nc3 Nxc2+ 10. Qxc2 Rc8 11. O-O Ne7 12. Be3 Nc6 13. Rac1 Na5 14. Qe2 Rc7
15. Ne1 Bb4 16. Qg4 g6 17. Qh4 Be7 18. Qh6 Bf8 19. Qf4 Bg7 20. h4 O-O 21. h5 h6
22. Nf3 Rfc8 23. Ne2 Qxb2 24. Ng3 Rxc1 25. Rxc1 Nc4 26. Qh4 g5 27. Nxg5 Nxe3
28. Rxc8+ Bxc8 29. fxe3 Qc1+ 30. Nf1 hxg5 31. Qxg5 Kh7 32. Qe7 b6 33. Qxf7 Ba6
34. Qg6+ Kh8 35. Qe8+ Kh7 36. Qg6+ Kh8 37. Qe8+ 1/2-1/2

[Event "KONIK MORSKI REWALA 2013-B"]
[Site "Rewal"]
[Date "2013.08.27"]
[Round "7.9"]
[White "Milanowski, Jan"]
[Black "Zarnowski, Krzysztof"]
[Result "1/2-1/2"]
[WhiteElo "1971"]
[BlackElo "1817"]
[PlyCount "50"]
[EventDate "2013.??.??"]

1. e4 c6 2. c3 d5 3. d3 dxe4 4. dxe4 Qxd1+ 5. Kxd1 e5 6. Be3 Be6 7. Nd2 Nf6 8.
f3 Nbd7 9. Nc4 O-O-O 10. Kc2 b5 11. Na5 Kc7 12. b4 Nb6 13. g3 Nfd7 14. Nh3 f6
15. Nf2 a6 16. Be2 c5 17. bxc5 Bxc5 18. Bxc5 Nxc5 19. Rhd1 Rxd1 20. Nxd1 f5 21.
Nb3 Nba4 22. Nd2 fxe4 23. fxe4 Nb6 24. a3 Rf8 25. Rb1 g5 1/2-1/2

[Event "KONIK MORSKI REWALA 2013-B"]
[Site "Rewal"]
[Date "2013.08.27"]
[Round "7.10"]
[White "Stankiewicz, Pawel"]
[Black "Buraczewski, Rafal"]
[Result "1/2-1/2"]
[WhiteElo "2058"]
[BlackElo "1803"]
[PlyCount "140"]
[EventDate "2013.??.??"]

1. e4 e6 2. d3 d5 3. Nd2 c5 4. Ngf3 Nf6 5. g3 Be7 6. Bg2 O-O 7. O-O Nc6 8. e5
Nd7 9. Re1 Qc7 10. Qe2 f6 11. exf6 Nxf6 12. Bh3 Kh8 13. Bxe6 Bxe6 14. Qxe6 Bd6
15. Qe2 Rae8 16. Qf1 Rxe1 17. Qxe1 Nb4 18. Qd1 Ng4 19. a3 Nc6 20. b3 Be5 21.
Rb1 Bd4 22. Nxd4 Nxf2 23. Ne6 Qe5 24. Nf3 Nh3+ 25. Kg2 Qxe6 26. Qe1 Qxe1 27.
Nxe1 Nf2 28. Bf4 Ng4 29. Nf3 Re8 30. Re1 Rxe1 31. Nxe1 Nd4 32. h3 Nf6 33. Be5
Nc6 34. Bd6 b6 35. c3 Ne8 36. Bf4 Kg8 37. Nf3 h6 38. Ne5 Nxe5 39. Bxe5 Nf6 40.
Bxf6 gxf6 41. Kf3 Kf7 42. Kf4 Kg6 43. g4 a6 44. d4 cxd4 45. cxd4 b5 46. b4 f5
47. gxf5+ Kf6 48. Kg4 h5+ 49. Kxh5 Kxf5 50. h4 Ke4 51. Kg5 Kxd4 52. h5 Ke3 53.
h6 d4 54. h7 d3 55. h8=Q d2 56. Qe5+ Kd3 57. Qd5+ Kc2 58. Qe4+ Kc1 59. Qc6+ Kb2
60. Qf6+ Kc2 61. Qxa6 d1=Q 62. Qxb5 Qd2+ 63. Kf5 Kb3 64. Qc6 Qf2+ 65. Ke5 Qg3+
66. Kd5 Qg5+ 67. Kd6 Qg3+ 68. Kc5 Qe3+ 69. Kb5 Kxa3 70. Ka5 Qa7+ 1/2-1/2

[Event "KONIK MORSKI REWALA 2013-B"]
[Site "Rewal"]
[Date "2013.08.27"]
[Round "7.11"]
[White "Prominski, Piotr"]
[Black "Jaskolka, Tomasz"]
[Result "0-1"]
[WhiteElo "1796"]
[BlackElo "2019"]
[PlyCount "122"]
[EventDate "2013.??.??"]

1. e4 d5 2. exd5 Qxd5 3. Nc3 Qd6 4. d4 c6 5. Nf3 Nf6 6. Bc4 Bg4 7. h3 Bxf3 8.
gxf3 Nbd7 9. Be3 Nd5 10. Qd2 N7b6 11. Bb3 Nxc3 12. Qxc3 Qf6 13. f4 e6 14. Qd2
Nd5 15. O-O-O Bd6 16. c4 Nxf4 17. d5 cxd5 18. cxd5 exd5 19. Bxd5 Nxd5 20. Qxd5
O-O-O 21. Kb1 Kb8 22. Bd4 Qg6+ 23. Ka1 Bc7 24. Qc4 Rc8 25. Rhg1 Qh5 26. Qa4 a6
27. h4 Rhd8 28. Bxg7 Bb6 29. Bd4 Bxd4 30. Rxd4 Qf5 31. Rgd1 Rg8 32. Rd7 Rg4 33.
R7d4 Qc5 34. a3 b5 35. Rb4 Rxb4 36. Qxb4 Qxb4 37. axb4 Rc4 38. Rd7 Rf4 39. Rd8+
Kc7 40. Rh8 Rxh4 41. Kb1 Rh2 42. f4 Kd7 43. Ra8 Rf2 44. Rxa6 Rxf4 45. Rh6 Rxb4
46. Rxh7 Ke6 47. Kc2 Rd4 48. Kc3 Rd5 49. Rh1 f5 50. Re1+ Kf6 51. Re8 f4 52.
Rf8+ Ke5 53. Re8+ Kf5 54. Rf8+ Ke4 55. Re8+ Re5 56. Rf8 Ke3 57. Rh8 f3 58. Rh3
Rc5+ 59. Kb4 Rg5 60. Kc3 Ke2 61. Rh8 f2 0-1

[Event "KONIK MORSKI REWALA 2013-B"]
[Site "Rewal"]
[Date "2013.08.27"]
[Round "7.12"]
[White "Suliborski, Artur"]
[Black "Kuciel, Wladyslaw"]
[Result "1-0"]
[WhiteElo "1817"]
[BlackElo "1978"]
[PlyCount "77"]
[EventDate "2013.??.??"]

1. d4 Nf6 2. g3 d5 3. Bg2 Bf5 4. Nf3 e6 5. O-O Nbd7 6. Nbd2 c5 7. c4 Be7 8. b3
O-O 9. Bb2 Qb6 10. cxd5 exd5 11. dxc5 Bxc5 12. e3 Rfe8 13. Nd4 Bd3 14. Re1 Rad8
15. N2f3 Be4 16. Rc1 Bb4 17. Re2 h6 18. a3 Bf8 19. b4 a5 20. Bc3 axb4 21. Bxb4
Bxb4 22. Rb2 Ra8 23. axb4 Ra3 24. Bf1 Ng4 25. Rb3 Ra2 26. Nd2 Nde5 27. Be2 Qg6
28. f3 Nc4 29. Nxc4 dxc4 30. Rbc3 Bd3 31. fxg4 Rxe3 32. Bxd3 cxd3 33. Nf5 Qb6
34. Rc5 Qxb4 35. Rc8+ Kh7 36. Nxe3 Qd4 37. Re8 d2 38. Rc4 Qf6 39. Qb1+ 1-0

[Event "KONIK MORSKI REWALA 2013-B"]
[Site "Rewal"]
[Date "2013.08.27"]
[Round "7.13"]
[White "Powalka, Michal"]
[Black "Najdzionek, Boleslaw"]
[Result "1-0"]
[WhiteElo "1768"]
[BlackElo "1911"]
[PlyCount "65"]
[EventDate "2013.??.??"]

1. e4 c5 2. Nf3 Nc6 3. d4 cxd4 4. Nxd4 a6 5. Nc3 g6 6. Be3 Bg7 7. Qd2 Nf6 8. f3
O-O 9. Bc4 e6 10. O-O-O Qc7 11. Bb3 b5 12. h4 h5 13. g4 Na5 14. Bh6 Nxb3+ 15.
axb3 Qc5 16. Bxg7 Kxg7 17. gxh5 Nxh5 18. Rdg1 Qe5 19. Nce2 Bb7 20. Rg5 Qc7 21.
Rxh5 Rh8 22. Rg5 f6 23. Rg4 Kf7 24. Rhg1 Rag8 25. b4 f5 26. exf5 exf5 27. Rg5
Qe5 28. Nf4 Rxh4 29. Nde2 Bxf3 30. Nxg6 Rxg6 31. Qxd7+ Qe7 32. Rxf5+ Rf6 33.
Rg7+ 1-0

[Event "KONIK MORSKI REWALA 2013-B"]
[Site "Rewal"]
[Date "2013.08.27"]
[Round "7.14"]
[White "Woloch, Oskar"]
[Black "Zurek, Jacek"]
[Result "0-1"]
[WhiteElo "1779"]
[BlackElo "1898"]
[PlyCount "68"]
[EventDate "2013.??.??"]

1. e4 c6 2. Nc3 d5 3. Nf3 dxe4 4. Nxe4 Nf6 5. Nxf6+ gxf6 6. h3 c5 7. Bb5+ Nd7
8. O-O a6 9. Bc4 e6 10. a4 Qc7 11. Qe2 Nb6 12. b3 Bd7 13. a5 Nxc4 14. bxc4
O-O-O 15. Bb2 e5 16. c3 Rg8 17. Kh1 Bc6 18. d4 cxd4 19. cxd4 exd4 20. Qd3 Qf4
21. Bc1 Qe4 22. Qxe4 Bxe4 23. Bf4 Bd6 24. Bxd6 Rxd6 25. Rfe1 f5 26. Rad1 d3 27.
Nh4 Rh6 28. f3 Rxh4 29. fxe4 fxe4 30. Rf1 Rd8 31. Rxf7 e3 32. Re7 e2 33. Rd2
Rxc4 34. Kg1 Rc1+ 0-1

[Event "KONIK MORSKI REWALA 2013-B"]
[Site "Rewal"]
[Date "2013.08.27"]
[Round "7.15"]
[White "Kopica, Paulina"]
[Black "Sroka, Janusz"]
[Result "0-1"]
[WhiteElo "1750"]
[BlackElo "2095"]
[PlyCount "60"]
[EventDate "2013.??.??"]

1. e4 e5 2. d4 exd4 3. Nf3 d6 4. Nxd4 Nf6 5. Nc3 Be7 6. Be2 O-O 7. O-O Re8 8.
f4 Bf8 9. Bf3 c5 10. Nb3 Nc6 11. h3 a5 12. a4 Qb6 13. Kh1 Nb4 14. Nd2 Be6 15.
f5 Bd7 16. Nc4 Qa6 17. b3 Bc6 18. Re1 d5 19. Nd2 d4 20. Na2 Bd6 21. Bb2 Bg3 22.
Nxb4 axb4 23. Re2 Rad8 24. Nf1 Be5 25. Qd3 Qa8 26. Nd2 Qb8 27. Nc4 Bc7 28. Bc1
Nd7 29. Bd2 b5 30. Nb2 Ne5 0-1

[Event "KONIK MORSKI REWALA 2013-B"]
[Site "Rewal"]
[Date "2013.08.27"]
[Round "7.16"]
[White "Czarnecki, Wojciech"]
[Black "Fronczak, Sebastian"]
[Result "1-0"]
[WhiteElo "2089"]
[BlackElo "1859"]
[PlyCount "83"]
[EventDate "2013.??.??"]

1. Nf3 e6 2. g3 d5 3. Bg2 Bd6 4. O-O Nf6 5. c4 O-O 6. Nc3 c6 7. d3 Nbd7 8. Rb1
a5 9. a3 Qe7 10. Bd2 Rb8 11. Nd4 Ne5 12. cxd5 exd5 13. Qa4 Bc7 14. b4 b5 15.
Qc2 Bb6 16. Nb3 a4 17. Nc5 Nfd7 18. Be3 Ng4 19. Bd4 Nxc5 20. bxc5 Bxc5 21. Nxd5
cxd5 22. Bxc5 Qc7 23. Bxd5 Rd8 24. Bg2 Be6 25. Rbc1 Rbc8 26. Qb2 Qd7 27. Bb6
Re8 28. Rxc8 Rxc8 29. Rc1 Bb3 30. Rxc8+ Qxc8 31. Bd4 f6 32. Qc3 Qe8 33. Be4 Ne5
34. Qc5 h6 35. f4 Nf7 36. Qf5 Qe6 37. Qxb5 Nd6 38. Qb8+ Kf7 39. Qc7+ Kf8 40.
Qd8+ Kf7 41. Qc7+ Kg8 42. Bg6 1-0

[Event "KONIK MORSKI REWALA 2013-B"]
[Site "Rewal"]
[Date "2013.08.27"]
[Round "7.17"]
[White "Mulenko, Alexander"]
[Black "Antolak, Julia"]
[Result "1/2-1/2"]
[WhiteElo "2042"]
[BlackElo "1760"]
[PlyCount "75"]
[EventDate "2013.??.??"]

1. d4 d5 2. Nf3 Nf6 3. c4 c6 4. Nc3 dxc4 5. a4 Bg4 6. Ne5 Bh5 7. f3 e6 8. Nxc4
Bb4 9. e3 Nd5 10. Bd2 O-O 11. Ne4 Be7 12. Be2 Nd7 13. O-O N7b6 14. Ne5 f6 15.
Nd3 Nc4 16. Qc1 Nxd2 17. Qxd2 Bf7 18. Kh1 a5 19. Rfd1 Nb4 20. Nxb4 Bxb4 21. Qc2
Qe7 22. Bc4 Rfd8 23. Rac1 Rac8 24. Bb3 Qe8 25. Qb1 h6 26. Qa2 e5 27. dxe5 fxe5
28. Bxf7+ Qxf7 29. Qxf7+ Kxf7 30. Kg1 Ke7 31. Kf1 Rxd1+ 32. Rxd1 Rd8 33. Rxd8
Kxd8 34. Ke2 b5 35. b3 Kd7 36. Kd3 Ke6 37. g4 g6 38. h3 1/2-1/2

[Event "KONIK MORSKI REWALA 2013-B"]
[Site "Rewal"]
[Date "2013.08.27"]
[Round "7.18"]
[White "Zhuk, Ivan"]
[Black "Markiewicz, Mateusz"]
[Result "0-1"]
[WhiteElo "1746"]
[BlackElo "2029"]
[PlyCount "100"]
[EventDate "2013.??.??"]

1. e4 c5 2. Nf3 Nf6 3. Nc3 d5 4. Bb5+ Bd7 5. e5 Ne4 6. e6 fxe6 7. Nxe4 dxe4 8.
Bxd7+ Qxd7 9. Ng5 Qd5 10. Qg4 Qf5 11. Qxf5 exf5 12. Ne6 Na6 13. b3 Kf7 14. Ng5+
Kg6 15. h4 h6 16. Ne6 Kf6 17. Nf4 e5 18. Bb2 Nb4 19. O-O-O Bd6 20. a3 Nc6 21.
d3 exd3 22. Nxd3 Kf7 23. f4 e4 24. Ne5+ Bxe5 25. fxe5 Rad8 26. h5 Ke6 27. Rd6+
Rxd6 28. exd6 Ne5 29. Rd1 Rd8 30. d7 Rxd7 31. Rxd7 Nxd7 32. Bxg7 Nf6 33. Bxh6
Nxh5 34. Kd2 f4 35. Ke2 Ke5 36. c3 Kd5 37. Kd2 c4 38. b4 e3+ 39. Ke2 Ke4 40. a4
Ng3+ 41. Ke1 Nh1 42. Ke2 Ng3+ 43. Ke1 f3 44. gxf3+ Kxf3 45. b5 Ne4 46. a5 Nf2
47. a6 bxa6 48. bxa6 Nd3+ 49. Kd1 e2+ 50. Kc2 e1=Q 0-1

[Event "KONIK MORSKI REWALA 2013-B"]
[Site "Rewal"]
[Date "2013.08.27"]
[Round "7.19"]
[White "Nowak, Ryszard"]
[Black "Burakowska, Gabriela"]
[Result "1-0"]
[WhiteElo "2006"]
[BlackElo "1691"]
[PlyCount "53"]
[EventDate "2013.??.??"]

1. c4 c5 2. Nf3 b6 3. g3 Bb7 4. Bg2 Nf6 5. O-O e6 6. Nc3 Be7 7. b3 O-O 8. Bb2
d5 9. Ne5 Nc6 10. Nxc6 Bxc6 11. d4 cxd4 12. Qxd4 Bc5 13. Qf4 Bd6 14. Qd2 Be5
15. Rfd1 Bxc3 16. Qxc3 Qc8 17. Qf3 Ne8 18. Ba3 Qb7 19. Bxf8 Kxf8 20. Rac1 Nf6
21. Qc3 Ne4 22. Qb4+ Kg8 23. cxd5 Bxd5 24. Bxe4 Bxe4 25. Qd6 h6 26. f3 Bg6 27.
Qc6 1-0

[Event "KONIK MORSKI REWALA 2013-B"]
[Site "Rewal"]
[Date "2013.08.28"]
[Round "7.20"]
[White "Mielczarek, Joanna"]
[Black "Auvinen, Esa"]
[Result "0-1"]
[WhiteElo "1509"]
[BlackElo "1956"]
[PlyCount "112"]
[EventDate "2013.??.??"]

1. e4 e5 2. Nf3 Nc6 3. Bc4 f5 4. d4 fxe4 5. Nxe5 d5 6. Qh5+ g6 7. Nxg6 Nf6 8.
Qh4 hxg6 9. Qxh8 dxc4 10. Bg5 Nxd4 11. Na3 Kf7 12. O-O-O Bg4 13. f3 Bxa3 14.
Bxf6 Ne2+ 15. Kb1 Qxh8 16. Bxh8 exf3 17. gxf3 Bf5 18. Be5 Bd6 19. Bxd6 cxd6 20.
Rxd6 Re8 21. a3 c3 22. h4 cxb2 23. Kxb2 Nf4 24. Rd4 Ne6 25. Rb4 b6 26. h5 g5
27. Rc4 Rh8 28. Ra4 a5 29. Rc4 Nc5 30. Rd4 Rh6 31. Rd5 Ke6 32. Rhd1 Rxh5 33.
Kc1 Rh2 34. Rd6+ Ke7 35. R6d2 Rh3 36. Re2+ Be6 37. Rf1 Kf6 38. Rd2 Ke5 39. Rg1
Rxf3 40. Rxg5+ Kf6 41. Rgg2 Rxa3 42. Rdf2+ Ke7 43. Re2 a4 44. Kb1 Rf3 45. Rg7+
Kd6 46. Ra7 a3 47. Rd2+ Kc6 48. Rd1 b5 49. Re1 b4 50. Rg7 Bf5 51. Rg2 b3 52.
Rc1 Na4 53. Rh1 Nc3+ 54. Kc1 b2+ 55. Kd2 b1=Q 56. Rxb1 Nxb1+ 0-1

[Event "KONIK MORSKI REWALA 2013-B"]
[Site "Rewal"]
[Date "2013.08.27"]
[Round "7.21"]
[White "Patola, Eero"]
[Black "Murawko, Julia"]
[Result "0-1"]
[WhiteElo "1947"]
[BlackElo "1687"]
[PlyCount "58"]
[EventDate "2013.??.??"]

1. e4 d5 2. exd5 Qxd5 3. Nc3 Qa5 4. d4 c6 5. Bc4 Nf6 6. Bd2 Qc7 7. Nge2 Bf5 8.
Bf4 Qb6 9. Bb3 e6 10. Ng3 Bg6 11. O-O Be7 12. Re1 O-O 13. Qe2 Qxd4 14. Be3 Qd8
15. Rad1 Qc7 16. Bd4 Nbd7 17. Bxe6 fxe6 18. Qxe6+ Rf7 19. Nce4 Nxe4 20. Nxe4
Bxe4 21. Rxe4 Nf6 22. Re3 Qc8 23. Qb3 Nd5 24. Rh3 Bf6 25. c4 Nf4 26. Rf3 Ne2+
27. Kf1 Nxd4 28. Rxd4 Bxd4 29. c5 Bf6 0-1

[Event "KONIK MORSKI REWALA 2013-B"]
[Site "Rewal"]
[Date "2013.08.28"]
[Round "7.22"]
[White "Kaluzny, Wlodzimierz"]
[Black "Biszof, Henryk"]
[Result "1-0"]
[WhiteElo "1922"]
[BlackElo "1730"]
[PlyCount "87"]
[EventDate "2013.??.??"]

1. d4 Nf6 2. Nf3 g6 3. Bf4 Bg7 4. e3 d6 5. h3 Nc6 6. Bc4 Nh5 7. Bh2 O-O 8. O-O
e6 9. Nbd2 a6 10. a4 e5 11. c3 d5 12. Be2 e4 13. Ne1 Nf6 14. c4 Ne7 15. cxd5
Nexd5 16. Rc1 c6 17. Nc2 Bh6 18. Nc4 Ne8 19. Qd2 f5 20. f4 exf3 21. Bxf3 Nef6
22. Rce1 Ne4 23. Bxe4 fxe4 24. Rxf8+ Qxf8 25. Nd6 Qe7 26. Be5 Bf5 27. g4 Qg5
28. Qg2 Bd7 29. Nxe4 Qh4 30. Nc5 Rd8 31. Nd3 Rf8 32. Bg3 Qe7 33. Ne5 Bc8 34. a5
Be6 35. Qe2 Qd6 36. Kh2 Qe7 37. Nc4 Qf7 38. Nd2 Qe7 39. Be5 Qh4 40. Rf1 Bxg4
41. Rxf8+ Kxf8 42. Qxg4 Qf2+ 43. Qg2 Bxe3 44. Nxe3 1-0

[Event "KONIK MORSKI REWALA 2013-B"]
[Site "Rewal"]
[Date "2013.08.28"]
[Round "7.23"]
[White "Murawko, Katarzyna"]
[Black "Rudol, Maria"]
[Result "0-1"]
[WhiteElo "1904"]
[BlackElo "1446"]
[PlyCount "84"]
[EventDate "2013.??.??"]

1. e4 d5 2. exd5 Qxd5 3. Nc3 Qa5 4. d4 Nf6 5. Bd2 c6 6. h3 Bf5 7. Nf3 e6 8. Bc4
Qc7 9. O-O Bd6 10. Re1 O-O 11. Nh4 Bg6 12. Nxg6 hxg6 13. Qf3 Nbd7 14. Ne4 Nxe4
15. Rxe4 Nf6 16. Rh4 Be7 17. Re1 Qb6 18. Qd3 c5 19. b3 Rad8 20. c3 a6 21. a4
Rd7 22. Be3 Rfd8 23. Qc2 Qc6 24. a5 cxd4 25. Bxd4 g5 26. Bxf6 gxh4 27. Bxe7
Rxe7 28. Qe2 Red7 29. Qg4 Qc7 30. Qh5 Rd2 31. Re4 Rd1+ 32. Bf1 R8d5 33. Qxh4
Qxc3 34. Rc4 Qf6 35. Rc8+ Rd8 36. Qxf6 gxf6 37. Rxd8+ Rxd8 38. Bc4 Rd1+ 39. Kh2
Ra1 40. f4 Rxa5 41. Kg3 Ra3 42. f5 b5 0-1

[Event "KONIK MORSKI REWALA 2013-B"]
[Site "Rewal"]
[Date "2013.08.28"]
[Round "7.24"]
[White "Pietinen, Pekka"]
[Black "Drela, Michal"]
[Result "1-0"]
[WhiteElo "2015"]
[BlackElo "1643"]
[PlyCount "101"]
[EventDate "2013.??.??"]

1. Nf3 Nf6 2. c4 c6 3. b3 d5 4. e3 Bg4 5. Be2 e6 6. Bb2 Nbd7 7. O-O Bd6 8. d4
Bxf3 9. Bxf3 Qc7 10. g3 h5 11. Nc3 h4 12. Kg2 Be7 13. Qe2 Nb6 14. e4 O-O-O 15.
a4 a6 16. a5 dxe4 17. Nxe4 Nbd7 18. Ng5 hxg3 19. hxg3 Rdf8 20. d5 e5 21. dxc6
bxc6 22. Bc3 Ne8 23. Qe3 Qd8 24. Nh3 Qc7 25. Rfe1 f6 26. b4 Nd6 27. Qe2 Rd8 28.
Rec1 Nb8 29. b5 axb5 30. cxb5 Nxb5 31. a6 Bc5 32. Ba5 Qd7 33. Ng1 Nd4 34. Qd3
Qa7 35. Bxd8 Rxd8 36. Bg4+ Kc7 37. Qc4 Kd6 38. Ra2 f5 39. Bd1 Bb6 40. Nf3 c5
41. Nxd4 cxd4 42. Bb3 Qa8+ 43. Kg1 Re8 44. Qf7 Nd7 45. Rac2 Nc5 46. Qg6+ Kd7
47. Qxf5+ Kd6 48. Qg6+ Kd7 49. Rxc5 Bxc5 50. Ba4+ Ke7 51. Qxe8+ 1-0